Datum a čas kvízu
19.5
Celkem bodů
Celkový počet nahraných bodů na tomto kvízu bez doplňovacích otázek.
12.
Pořadí na kvízu
Konečné umístění týmu na tomto kvízu.
Zaznamenané odpovědi
| # | Otázka | Odpověď | Body | Výsledky |
|---|---|---|---|---|
| 1. | Při informování o rozdělení mi... | prevence | 0 | |
| 2. | Francouzská státní společnost... | croissant | 1 | |
| 3. | Minulou středu měla na TV Óčko... | Naked Attraction | 1 | |
| 4. | Nejen u nás, ale i v jedné sou... | v Polsku | 0 | |
| 5. | Na pardubickém dostihovém závo... | Stumptown; Irsko | 0.5 | |
| 6. | Zelené šaty, botky ___, zejtra... | rudé | 0 | |
| 7. | Kdy přesně došlo k prvnímu při... | v červenci 1969 | 0.5 | |
| 8. | Stmívání, Zatmění, Rozbřesk. T... | Nový měsíc | 1 | |
| 9. | Přiřaďte historické události k... | 1A 2B 3C 4D | 1 | |
| 10. | Napište české rodové i druhové... | měsíček lékařský | 0 |